स्वाधीनता और राष्ट्रीय साहित्य : (Record no. 112260)

MARC details
000 -LEADER
fixed length control field 01164nam a22002537a 4500
005 - DATE AND TIME OF LATEST TRANSACTION
control field 20170124102936.0
010 ## - LIBRARY OF CONGRESS CONTROL NUMBER
LC control number 092928
020 ## - INTERNATIONAL STANDARD BOOK NUMBER
Terms of availability 04.00
035 ## - SYSTEM CONTROL NUMBER
System control number 092928
037 ## - SOURCE OF ACQUISITION
Source of stock number/acquisition Cen Lib/Ret
040 ## - CATALOGING SOURCE
Original cataloging agency DPL
Language of cataloging HN
082 ## - DEWEY DECIMAL CLASSIFICATION NUMBER
Classification number 824
Item number शर्मारा
100 ## - MAIN ENTRY--PERSONAL NAME
Personal name शर्मा, रामविलास
9 (RLIN) 103175
245 ## - TITLE STATEMENT
Title स्वाधीनता और राष्ट्रीय साहित्य :
Statement of responsibility, etc रामविलास शर्मा
Remainder of title निबंध-संग्रह /
246 ## - VARYING FORM OF TITLE
Title proper/short title Swadheenta aur rashtriye sahitye : nibandh sangreh /
Remainder of title by Ramvilas Sharma
260 ## - PUBLICATION, DISTRIBUTION, ETC. (IMPRINT)
Name of publisher, distributor, etc हिंदी प्रचारक पुस्तकालय
Place of publication, distribution, etc बनारस
Date of publication, distribution, etc 1956
270 ## - ADDRESS
City बनारस
Address पी.बी.न.- 70, ज्ञानवापी
300 ## - PHYSICAL DESCRIPTION
Extent 166पृ.
Dimensions 20सेमी (सजिल्द)
650 ## - SUBJECT ADDED ENTRY--TOPICAL TERM
Topical term or geographic name as entry element हिन्दी -- साहित्य
9 (RLIN) 103176
650 ## - SUBJECT ADDED ENTRY--TOPICAL TERM
Topical term or geographic name as entry element हिन्दी --निबंध संग्रह
9 (RLIN) 103177
650 ## - SUBJECT ADDED ENTRY--TOPICAL TERM
Topical term or geographic name as entry element Hindi - literature
9 (RLIN) 103178
650 ## - SUBJECT ADDED ENTRY--TOPICAL TERM
Topical term or geographic name as entry element Hindi - essay collection
9 (RLIN) 46584
942 ## - ADDED ENTRY ELEMENTS (KOHA)
Source of classification or shelving scheme Dewey Decimal Classification
Koha item type Hindi Books
Classification part 824
Call number suffix शर्मारा
Holdings
Withdrawn status Lost status Damaged status Not for loan Home library Current library Date acquired Source of acquisition Cost, normal purchase price Total Checkouts Full call number Barcode Date last seen Copy number Cost, replacement price Price effective from Koha item type
        Central Library Central Library 07/08/2015 Cen Lib/Ret 4.00   824 शर्मारा 092928 07/08/2015 1 4.00 07/08/2015 Hindi Books

© Delhi Public Library
Hit Counter
free hit counter